Working toward strategic change : (Record no. 14839)

000 -LEADER
fixed length control field 00817cam a2200241 a 4500
020 ## - INTERNATIONAL STANDARD BOOK NUMBER
ISBN 0787907960
040 ## - CATALOGING SOURCE
Transcribing agency DLC
082 00 - DEWEY DECIMAL CLASSIFICATION NUMBER
Classification number 378 JOS 1997 A070 Or.
100 1# - MAIN ENTRY--AUTHOR NAME
Personal name Dolence, Michael G.
245 10 - TITLE STATEMENT
Title Working toward strategic change :
Remainder of title a step-by-step guide to the planning process /
250 ## - EDITION STATEMENT
Edition statement 1st ed.
260 ## - PUBLICATION, DISTRIBUTION, ETC. (IMPRINT)
Place of publication San Francisco :
Name of publisher Jossey-Bass Publishers,
Year of publication c1997.
300 ## - PHYSICAL DESCRIPTION
Number of Pages xxi, 180 p. :
Other physical details ill. ;
Dimensions 28 cm.
650 #0 - SUBJECT ADDED ENTRY--TOPICAL TERM
Topical Term Education, Higher
650 #0 - SUBJECT ADDED ENTRY--TOPICAL TERM
Topical Term Strategic planning
650 #0 - SUBJECT ADDED ENTRY--TOPICAL TERM
Topical Term Educational change
700 1# - ADDED ENTRY--PERSONAL NAME
Personal name Rowley, Daniel James,
700 1# - ADDED ENTRY--PERSONAL NAME
Personal name Lujan, Herman D.
856 42 - ELECTRONIC LOCATION AND ACCESS
Uniform Resource Identifier http://www.loc.gov/catdir/bios/wiley043/96035692.html
856 42 - ELECTRONIC LOCATION AND ACCESS
Uniform Resource Identifier http://www.loc.gov/catdir/description/wiley035/96035692.html
856 4# - ELECTRONIC LOCATION AND ACCESS
Uniform Resource Identifier http://www.loc.gov/catdir/toc/onix07/96035692.html
942 ## - ADDED ENTRY ELEMENTS (KOHA)
Koha item type សៀវភៅភាសាអង់គ្លេស
952 ## - LOCATION AND ITEM INFORMATION (KOHA)
Withdrawn status [LOCAL, KOHA] 0
Holdings
Permanent Location Date acquired Koha item type Lost status Shelving location Barcode Current Location Full call number
Library Block A2017-10-27សៀវភៅភាសាអង់គ្លេស A070A04821Library Block A378 JOS 1997 A070 Or.
មជ្ឈមណ្ឌលឯការនៃសាកលវិទ្យាល័យភូមិន្ទកសិកម្មចំការដូង

Powered by Koha